000 01180nam a22003257a 4500
003 EG-GICUC
005 20260124222940.0
008 251107s2008 ua ||||fr|||| 00| 0 ara d
017 _a2007/2016
020 _a97738810164
040 _a EG-GICUC
_bara
_c EG-GICUC
_d EG-GICUC
_erda
041 _aara
082 0 4 _221
_a343.3192
_bح س . ح
092 0 4 _221
099 _aLaw1 10 343.3192 2008
100 0 _aحسنين المحمدى بوادى
_eمؤلف.
245 _aحقوق الإنسان وضمانات المتهم قبل وبعد المحاكمه /
_cحسنين المحمدى بوادى
264 _aالإسكندرية :
_bدار المطبوعات الجامعية ,
_c2008.
300 _a250 صفحة;
_c24 سم
336 _2rda content
_atext
337 _2rda media
_aComputer
338 _2rda carrier
_aOnline Resource
504 _aيتضمن قائمة مراجع
546 _aالنص باللغة العربية
650 1 _aقانون جنائي
650 1 _aحقوق الإنسان في الإجراءات الجنائية
856 4 0 _uhttps://fll.law.cu.edu.eg/fulltext/bks/B10-05498.pdf
905 _a44
942 _2ddc
_cBK
_e21
_n0
999 _c41698
_d41698